| 000 | 01153nam0a2200325 i 4500 | ||
|---|---|---|---|
| 001 | RU\NLR\BIBL_A\010011489 | ||
| 005 | 20241102085247.0 | ||
| 021 |
_aRU _b2013-86773 _95998 |
||
| 035 | _a(NILC)RuMoRGB-006687982 | ||
| 035 | _a(NLR Aleph) 010011489 | ||
| 090 |
_a9856576 _c9856576 |
||
| 100 | _a20131206d2011 um y0rusy50 ca | ||
| 101 | 0 | _arus | |
| 102 | _aRU | ||
| 105 | _aa|||||||||||| | ||
| 200 | 1 |
_aМедным кабелям жить! _eнадежность. Стабильность. Эффективность _fЮ. А. Парфенов |
|
| 210 |
_aСанкт-Петербург _c[б. и.] _d2011 |
||
| 215 |
_a528 с. _cил., портр. _d24 |
||
| 320 | _aБиблиогр.: с. 520-521 (30 назв.) | ||
| 606 |
_aТелефонные кабели _91344477 _3RU\NLR\AUTH\66560857 |
||
| 610 | 0 | _aмедные кабели | |
| 610 | 0 | _aцифровые сети доступа | |
| 675 | _a621.315.221 | ||
| 686 | 1 | _aЗ843.232.4 | |
| 700 | 1 |
_aПарфенов _bЮ.А. _gЮрий Алексеевич |
|
| 801 | 0 |
_aRU _bRuMoRKP _c20131028 _gRCR |
|
| 801 | 2 |
_aRU _bРГБ _c20131111 _grcr |
|
| 942 | _cBOOK | ||
| 980 | _aNBR | ||